000 01005nam0a22002531 4500
001 rc\3604226
005 20260406134549.0
021 _aRU
_bРг3302-72
021 _aRU
_b72-9375
035 _a(NLR Aleph) 007708994
090 _a6829592
_c6829592
100 _a20130115d1971 |||y0rusy50 ca
101 0 _arus
102 _aRU
105 _aa z |||||
200 1 _aПредложения по реконструкции и комплексной механизации свиноводческих ферм
_fРесп. объединение "Белсельхозтехника" Совета Министров БССР. Проектно-технол. ин-т "Сельхозтехпроект"
210 _aМинск
_cБ. и.
_d1971
215 _a94 с.
_cил.
_d23х29
712 0 2 _a"Сельхозтехпроект", институт
_cМинск
_3RU\NLR\AUTH\889917600
_9331355
801 0 _aRU
_bNLR
_gpsbo
801 1 _aRU
_bELAR
_2rusmarc
852 _aNLR
_j72-8/157
942 _cBOOK
980 _aNB